000 01218nam a2200241Ia 4500
003 Ost
005 20260416102351.0
008 260416s9999||||xx |||||||||||||| ||und||
040 _cfsecg
041 _aara
082 _a1.6
100 _aموترفي، أمال
_eمؤلف
245 0 _aالأمن الإلكتروني (أمن نظام المعلومات) /
_c أمال موترفي
260 _aالجزائر
_bجامعة الجزائر3: كلية العلوم الإقتصادية، العلوم التجارية وعلوم التسيير
_c2016
300 _a99 ورقة
_bايضاحات
_c30 سم
504 _aمراجع ص.96
520 _aمدخل الى أمن المعلومات، الاعتداءات الالكترونية واهم تصنيفاتها، الحماية، معايير الأمن ( ISO/IEC 27000:2009) ، حماية خصوصية الأفراد.
653 _aالجريمة والمجرمون
653 _aالمعلومات
653 _aنظم المعلومات- المؤسسة الممتدة
710 _aجامعة الجزائر3: كلية العلوم الإقتصادية، العلوم التجارية وعلوم التسيير
_eناشر علمي
942 _cHANDOUT
999 _c41017
_d41017